Theatre in tnhe age of kean (Record no. 191753)

MARC details
000 -LEADER
fixed length control field 00356nam a2200145Ia 4500
008 - FIXED-LENGTH DATA ELEMENTS--GENERAL INFORMATION
fixed length control field 230917s9999||||xx |||||||||||||| ||und||
040 ## - CATALOGING SOURCE
-- 148528
Original cataloging agency VIVEKANANDA LIBRARY
041 ## - Language
-- English
082 ## - DDC NUMBER
Classification number 822.09 D719T
100 ## - MAIN ENTRY--PERSONAL NAME
Personal name Donohue, Joseph
245 #0 - TITLE STATEMENT
Title Theatre in tnhe age of kean
260 ## - PUBLICATION, DISTRIBUTION, ETC. (IMPRINT)
Place of publication, distribution, etc Oxford
Name of publisher, distributor, etc Basil Blackwell
Date of publication, distribution, etc 1975
300 ## - PHYSICAL DESCRIPTION
Pages 201 p.
942 ## - ADDED ENTRY ELEMENTS (KOHA)
Koha item type Books
Holdings
Withdrawn status Lost status Damaged status Not for loan Location (home branch) Sublocation or collection (holding branch) Date acquired Koha issues (times borrowed) Koha full call number Accession No. Koha date last seen Koha item type
        VIVEKANANDA LIBRARY VIVEKANANDA LIBRARY 24/03/2010   822.09 D719T 49143 17/09/2023 Books
© Designed and Maintained by Vivekananda Library, MDU Rohtak